000 01145cam a22003257a 4500
003 CHAP
005 20220817044517.0
008 120309s2009 it r 00010 d
010 _a102935
011 _a103907
020 _a9789250062594
035 _a114596
040 _cCHAP
082 0 4 _a639.2
_bF46b v.899
110 2 _aFAO. Comisión de Pesca para Océano Indico Sur-Este
_939481
245 1 0 _aReport of the session of the Scientific Committee (3o)
_c/por FAO. Comisión de Pesca para Océano Indico Sur-Este
260 _aRome :
_bFAO,
_c2009
300 _aviii, 85 p. :
_bgráfs.
490 0 _aFAO. Informe de pesca y acuicultura
_v; 899
500 _aEdición bilingüe (inglés, francés)
500 _aMaputo, Mozambique, 16-19 September 2008
590 _aBATCH-UPD
_b10
_c20130110
_lUCH01
_h1056
590 _aBATCH-UPD
_b10
_c20130410
_lUCH01
_h0651
590 _aCONVERSION
_b10
_c20130109
_lUCH01
_h1357
650 1 4 _aPesca.
830 1 0 _aFAO. Informe de pesca y acuicultura
_v; 899
_939588
901 _aBK
942 _cLIBRO
949 _a639.2 F46b v.899
_bBC
_cFAO
_d33724002110074
_eFAO1
_gDonaciØn
_h118145
_i114596
_sb
999 _c102935
_d102935